书目信息 |
| 题名: |
钢结构与木结构
|
|
| 作者: | 龚伟 编 | |
| 分册: | ||
| 出版信息: | 北京 中国建筑工业出版社 1980 |
|
| 页数: | 399页 | |
| 开本: | 26cm | |
| 丛书名: | ||
| 单 册: | ||
| 中图分类: | TU391 | |
| 科图分类: | ||
| 主题词: | 钢结构--中等专业学校--教材 , 木结构--中等专业学校--教材 , 金属结构 | |
| 电子资源: | ||
| ISBN: | ||
| 000 | 00694nam0 2200265 45 980 | |
| 001 | 0656523002 | |
| 005 | 20060805154245.56 | |
| 010 | @dCNY1.90 | |
| 091 | @a15040.3873 | |
| 100 | @a19980411d1980 emky0chiy0121 ea | |
| 101 | 0 | @achi |
| 102 | @aCN@b110000 | |
| 105 | @ay 000yy | |
| 106 | @ar | |
| 200 | 10 | @a钢结构与木结构@Agang jie gou yu mu jie gou@f龚伟编 |
| 210 | @a北京@c中国建筑工业出版社@d1980 | |
| 215 | @a399页@d26cm | |
| 300 | @a中等专业学校试用教材 | |
| 606 | @a钢结构@x中等专业学校@x教材 | |
| 606 | @a木结构@x中等专业学校@x教材 | |
| 606 | 0 | @a金属结构 |
| 690 | @aTU391@v3 | |
| 701 | 0 | @a龚伟@4编@Agong wei |
| 801 | 0 | @c20060805 |
| 905 | @a10447@dTU391@e274 | |
| 钢结构与木结构/龚伟编 .-北京:中国建筑工业出版社,1980 |
| 399页;26cm |
| 中等专业学校试用教材 |
| ISBN :CNY1.90 |
| ● |
| 相关链接 |
|
|
|
|
正题名:钢结构与木结构
索取号:TU391/274
 
预约/预借
| 序号 | 登录号 | 条形码 | 馆藏地/架位号 | 状态 | 备注 |
| 1 | 0451633 | 204516336 | 密集书库/ [索取号:TU391/274] | 在馆 |